[Event "GER-ch44 V11 email"]
[Site "GER email"]
[Date "2012.04.25"]
[Round "?"]
[White "Draeger, Wolfgang"]
[Black "Von Rein, Guenter"]
[Result "1/2-1/2"]
[WhiteElo "2108"]
[BlackElo "2183"]
[PlyCount "61"]
[EventDate "2012.04.30"]
[EventType "tourn (corr)"]
[EventRounds "10"]
[EventCountry "GER"]
[SourceTitle "Corr 2015"]
[Source "ChessBase"]
[SourceDate "2015.07.17"]
[SourceVersion "1"]
[SourceVersionDate "2015.07.17"]
[SourceQuality "1"]

1. d4 d5 2. c4 c6 3. Nf3 Nf6 4. Nc3 dxc4 5. a4 e6 6. e3 c5 7. Bxc4 Nc6 8. 0-0 cxd4 9. exd4 Be7 10. Re1 0-0 11. Bg5 Bd7 12. Qe2 Re8 13. Rad1 Nd5 14. Bd2 Bf6 15. Ne5 Rc8 16. Qe4 Bxe5 17. dxe5 Nxe5 18. Qxe5 Rxc4 19. Nxd5 exd5 20. Qxd5 Qc8 21. Rxe8+ Bxe8 22. Re1 Bd7 23. h3 Be6 24. Qg5 h6 25. Qg3 Qc7 26. Re5 Kh7 27. Bc3 Qd6 28. Qxg7+ Kxg7 29. Rxe6+ Qd4 30. Bxd4+ Rxd4 31. Re7 1/2-1/2

[Event "GER-ch44 V11 email"]
[Site "GER email"]
[Date "2012.04.25"]
[Round "?"]
[White "Kuhne, Detlev"]
[Black "Von Rein, Guenter"]
[Result "1-0"]
[WhiteElo "2207"]
[BlackElo "2183"]
[PlyCount "115"]
[EventDate "2012.04.30"]
[EventType "tourn (corr)"]
[EventRounds "10"]
[EventCountry "GER"]
[SourceTitle "Corr 2015"]
[Source "ChessBase"]
[SourceDate "2015.07.17"]
[SourceVersion "1"]
[SourceVersionDate "2015.07.17"]
[SourceQuality "1"]

1. e4 e6 2. d4 d5 3. Nc3 Bb4 4. e5 Ne7 5. a3 Bxc3+ 6. bxc3 c5 7. Qg4 0-0 8. Bd3 f5 9. exf6 Rxf6 10. Bg5 Rf7 11. Qh5 g6 12. Qd1 Qa5 13. Bd2 Nbc6 14. Nf3 Qa4 15. 0-0 c4 16. Be2 Bd7 17. Ng5 Rf6 18. Bg4 Nf5 19. Nf3 Re8 20. Re1 Qa5 21. Qc1 Rf7 22. Rb1 b5 23. h4 Ng7 24. Bf4 a6 25. a4 bxa4 26. Rb7 Qd8 27. Ng5 Rf6 28. Bg3 Qe7 29. Nf3 Nf5 30. Bf4 Rf7 31. h5 Qf8 32. hxg6 hxg6 33. g3 a5 34. Kg2 e5 35. dxe5 Nd8 36. Rxd7 Rxd7 37. Bh6 Qxh6 38. Qxh6 Nxh6 39. Bxd7 Re7 40. Bxa4 Ng4 41. Rd1 Nxe5 42. Rxd5 Ndf7 43. Nd2 Ra7 44. f4 Ng4 45. Rc5 Nfh6 46. Nxc4 Kg7 47. Rxa5 Re7 48. Ne5 Nxe5 49. Rxe5 Rc7 50. Re3 g5 51. fxg5 Nf7 52. Bb3 Nxg5 53. Bd5 Nh7 54. c4 Nf6 55. Kf3 Kg6 56. g4 Kg5 57. Re5+ Kg6 58. Kf4 1-0

[Event "GER-ch44 V11 email"]
[Site "GER email"]
[Date "2012.04.25"]
[Round "?"]
[White "Mehlhorn, Uwe"]
[Black "Von Rein, Guenter"]
[Result "0-1"]
[WhiteElo "2151"]
[BlackElo "2183"]
[PlyCount "120"]
[EventDate "2012.04.30"]
[EventType "tourn (corr)"]
[EventRounds "10"]
[EventCountry "GER"]
[SourceTitle "Corr 2015"]
[Source "ChessBase"]
[SourceDate "2015.07.17"]
[SourceVersion "1"]
[SourceVersionDate "2015.07.17"]
[SourceQuality "1"]

1. b4 d5 2. Nf3 Bg4 3. Bb2 Nd7 4. a3 Ngf6 5. e3 c6 6. c4 e6 7. d4 Bd6 8. Nbd2 Ne4 9. Be2 0-0 10. 0-0 Qf6 11. Nxe4 dxe4 12. Nd2 Qh6 13. g3 Bxe2 14. Qxe2 f5 15. f3 Nf6 16. fxe4 fxe4 17. Rae1 Qg6 18. Qg2 a6 19. Rf2 b5 20. Ref1 Rac8 21. Bc3 h6 22. Bb2 Qg4 23. Bc3 h5 24. Bb2 Bc7 25. Bc3 bxc4 26. Nxc4 Nd5 27. Rxf8+ Rxf8 28. Rxf8+ Kxf8 29. Bd2 Kf7 30. Qf2+ Kg6 31. Be1 Nf6 32. Kf1 Nh7 33. Nd2 Ng5 34. Qg2 e5 35. Qe2 Qxe2+ 36. Kxe2 Kf5 37. Bf2 Nh3 38. Be1 g5 39. dxe5 Bxe5 40. Kd1 g4 41. Nb3 Ng5 42. Na5 c5 43. bxc5 Ke6 44. Nc6 Nf3 45. Nb4 a5 46. Nc6 a4 47. Bb4 Bc7 48. Nd4+ Kd5 49. Ne2 Nxh2 50. Ke1 Nf3+ 51. Kf2 Be5 52. Kg2 h4 53. gxh4 Nxh4+ 54. Kf2 Nf5 55. Bc3 Bc7 56. Bf6 g3+ 57. Kg1 Nxe3 58. Nc3+ Kxc5 59. Nxe4+ Kc4 60. Bh4 Nf5 0-1

[Event "GER-ch44 V11 email"]
[Site "GER email"]
[Date "2012.04.25"]
[Round "?"]
[White "Von Rein, Guenter"]
[Black "Garus, Edward"]
[Result "1/2-1/2"]
[WhiteElo "2183"]
[BlackElo "2001"]
[PlyCount "113"]
[EventDate "2012.04.30"]
[EventType "tourn (corr)"]
[EventRounds "10"]
[EventCountry "GER"]
[SourceTitle "Corr 2015"]
[Source "ChessBase"]
[SourceDate "2015.07.17"]
[SourceVersion "1"]
[SourceVersionDate "2015.07.17"]
[SourceQuality "1"]

1. d4 Nf6 2. c4 e6 3. g3 d5 4. Nf3 dxc4 5. Bg2 Nc6 6. Qa4 Bb4+ 7. Bd2 Nd5 8. Bxb4 Ndxb4 9. Nc3 Bd7 10. 0-0 a6 11. Ne5 b5 12. Qa3 Rb8 13. Nxc6 Nxc6 14. d5 b4 15. Qxa6 Ne5 16. dxe6 fxe6 17. Nd1 0-0 18. Ne3 Qf6 19. f4 Bb5 20. Qa7 Nf7 21. f5 Rbe8 22. Qc5 Qe5 23. Qxe5 Nxe5 24. fxe6 c6 25. Nc2 Rxf1+ 26. Kxf1 c5 27. Ne3 Kf8 28. Bd5 Ke7 29. a4 Ba6 30. Rc1 Rd8 31. Nf5+ Ke8 32. Nxg7+ Kf8 33. e7+ Kxe7 34. Nf5+ Kd7 35. Ne3 Kc7 36. Bxc4 Bxc4 37. Nxc4 Nxc4 38. Rxc4 Rd1+ 39. Kf2 Kc6 40. Ke3 Rb1 41. Rc2 b3 42. Rd2 Rc1 43. Rd8 Rc2 44. Rb8 Rxb2 45. a5 Kd5 46. a6 Ra2 47. Rxb3 Rxa6 48. h4 Rg6 49. Rd3+ Kc4 50. Kd2 h6 51. Rf3 Kb4 52. e4 Re6 53. Rf4 c4 54. Kc2 Re5 55. Kb2 h5 56. g4 hxg4 57. Rxg4 1/2-1/2

[Event "GER-ch44 V11 email"]
[Site "GER email"]
[Date "2012.04.25"]
[Round "?"]
[White "Von Rein, Guenter"]
[Black "Noeth, Dieter"]
[Result "1-0"]
[WhiteElo "2183"]
[BlackElo "2146"]
[PlyCount "81"]
[EventDate "2012.04.30"]
[EventType "tourn (corr)"]
[EventRounds "10"]
[EventCountry "GER"]
[SourceTitle "Corr 2015"]
[Source "ChessBase"]
[SourceDate "2015.07.17"]
[SourceVersion "1"]
[SourceVersionDate "2015.07.17"]
[SourceQuality "1"]

1. d4 Nf6 2. c4 e6 3. Nf3 d5 4. Nc3 Be7 5. Bf4 0-0 6. e3 c5 7. dxc5 Nc6 8. Rc1 Bxc5 9. a3 a6 10. b4 Bd6 11. Bg5 a5 12. b5 Ne5 13. Nxe5 Bxe5 14. c5 a4 15. f4 Bxc3+ 16. Rxc3 e5 17. Bxf6 Qxf6 18. fxe5 Qh4+ 19. g3 Qe4 20. Rg1 Bg4 21. Qd3 Qxe5 22. Qd4 Qh5 23. Rg2 Rfe8 24. Bd3 Bf5 25. Be2 Qh3 26. Rf2 Be4 27. Bd1 Qd7 28. Rb2 Rec8 29. Bxa4 h6 30. Bd1 Re8 31. c6 bxc6 32. bxc6 Qe7 33. c7 Rec8 34. Qc5 Qe5 35. Rb7 h5 36. Qd4 Qe6 37. Rb6 Qf5 38. Qb4 Qe5 39. Kd2 Kh7 40. Qd6 Qf5 41. Qf4 1-0

[Event "GER-ch41 V04 email"]
[Site "GER email"]
[Date "2010.??.??"]
[Round "?"]
[White "Goy, Udo"]
[Black "Von Rein, Guenter"]
[Result "0-1"]
[WhiteElo "1930"]
[BlackElo "2232"]
[PlyCount "68"]
[EventDate "2010.??.??"]
[EventType "tourn (corr)"]
[EventRounds "12"]
[EventCountry "GER"]
[SourceTitle "Corr 2015"]
[Source "ChessBase"]
[SourceDate "2015.07.17"]
[SourceVersion "1"]
[SourceVersionDate "2015.07.17"]
[SourceQuality "1"]

1. d4 d5 2. c4 c6 3. Nf3 Nf6 4. g3 dxc4 5. a4 c5 6. Nc3 cxd4 7. Qxd4 Qxd4 8. Nxd4 a6 9. Bf4 Nbd7 10. Nf3 b6 11. e4 Bb7 12. Bxc4 e6 13. Nd2 Bc5 14. 0-0 Nh5 15. Be3 Bxe3 16. fxe3 Ke7 17. Be2 Nhf6 18. g4 h6 19. h3 Rhd8 20. Rfd1 Ne5 21. Nf3 Rxd1+ 22. Rxd1 Nxf3+ 23. Bxf3 a5 24. Kf2 Nd7 25. Be2 Nc5 26. Kf3 f5 27. gxf5 Nxe4 28. f6+ Nxf6+ 29. e4 Rd8 30. Rxd8 Kxd8 31. Kf4 g5+ 32. Ke5 Ke7 33. Bb5 h5 34. Kd4 h4 0-1

[Event "GER-ch41 V04 email"]
[Site "GER email"]
[Date "2010.??.??"]
[Round "?"]
[White "Maetz, Erich"]
[Black "Von Rein, Guenter"]
[Result "0-1"]
[WhiteElo "1991"]
[BlackElo "2232"]
[PlyCount "83"]
[EventDate "2010.??.??"]
[EventType "tourn (corr)"]
[EventRounds "12"]
[EventCountry "GER"]
[SourceTitle "Corr 2015"]
[Source "ChessBase"]
[SourceDate "2015.07.17"]
[SourceVersion "1"]
[SourceVersionDate "2015.07.17"]
[SourceQuality "1"]

1. c4 Nf6 2. d4 c6 3. Nf3 d5 4. Nc3 e6 5. e3 Nbd7 6. Bd3 dxc4 7. Bxc4 b5 8. Bd3 Bd6 9. 0-0 0-0 10. Bd2 Bb7 11. Rc1 Rc8 12. Ng5 Be7 13. a3 a5 14. Qf3 b4 15. Na4 bxa3 16. bxa3 Ba8 17. Qe2 Bxa3 18. Rc4 c5 19. Ra1 Bb4 20. Nxc5 Nxc5 21. dxc5 Bd5 22. Rxb4 axb4 23. e4 Bc6 24. Bxb4 Qd4 25. Rb1 Rb8 26. Nf3 Qd7 27. h3 Rfd8 28. Ne5 Qc7 29. Nxc6 Qxc6 30. Qc2 Nd7 31. e5 g6 32. Be4 Qc7 33. Qc4 Nxe5 34. Qc3 f5 35. Bc2 Nc6 36. Qe1 Qe5 37. Qxe5 Nxe5 38. Rb3 Nc6 39. Bc3 Rxb3 40. Bxb3 Kf7 41. Ba1 Ra8 42. Bb2 0-1

[Event "GER-ch41 V04 email"]
[Site "GER email"]
[Date "2010.??.??"]
[Round "?"]
[White "Von Rein, Guenter"]
[Black "Vogel, Detlef"]
[Result "1-0"]
[WhiteElo "2232"]
[BlackElo "2076"]
[PlyCount "109"]
[EventDate "2010.??.??"]
[EventType "tourn (corr)"]
[EventRounds "12"]
[EventCountry "GER"]
[SourceTitle "Corr 2015"]
[Source "ChessBase"]
[SourceDate "2015.07.17"]
[SourceVersion "1"]
[SourceVersionDate "2015.07.17"]
[SourceQuality "1"]

1. d4 d5 2. c4 c6 3. Nf3 Nf6 4. Nc3 e6 5. Bg5 dxc4 6. e4 b5 7. e5 h6 8. Bh4 g5 9. Nxg5 hxg5 10. Bxg5 Nbd7 11. g3 Qb6 12. exf6 Bb7 13. Bg2 0-0-0 14. 0-0 Ne5 15. dxe5 Rxd1 16. Raxd1 b4 17. Ne4 c5 18. Bf4 Bxe4 19. Bxe4 Qa5 20. Bc6 c3 21. bxc3 bxc3 22. Bd7+ Kb8 23. Rb1+ Kc7 24. Be8 Bh6 25. Rb5 Qxa2 26. Bxh6 Rxe8 27. Rxc5+ Kb7 28. Rxc3 Rc8 29. Rd3 Rc7 30. Rdd1 a5 31. Be3 a4 32. Ra1 Qc2 33. Rfb1+ Kc8 34. Rb5 Qd3 35. Ra5 Rb7 36. h4 Rb1+ 37. Rxb1 Qxb1+ 38. Kh2 Qd1 39. Ra7 Qh5 40. Bf4 a3 41. Rxa3 Kd7 42. Kg2 Qg6 43. Ra2 Kc6 44. f3 Qb1 45. Rd2 Qh7 46. Rd4 Qh5 47. Bg5 Qh7 48. g4 Qc2+ 49. Rd2 Qc3 50. Bf4 Qb4 51. Rc2+ Kd5 52. Bg3 Kd4 53. Re2 Kd3 54. Re4 Qb2+ 55. Bf2 1-0

[Event "GER-ch38 V05 email"]
[Site "GER email"]
[Date "2007.??.??"]
[Round "?"]
[White "Blau, Dieter"]
[Black "Von Rein, Guenter"]
[Result "1/2-1/2"]
[WhiteElo "2182"]
[BlackElo "2253"]
[PlyCount "83"]
[EventDate "2007.??.??"]
[EventType "tourn (corr)"]
[EventRounds "8"]
[EventCountry "GER"]
[SourceTitle "Corr 2008"]
[Source "ChessBase"]
[SourceDate "2008.06.24"]
[SourceVersion "1"]
[SourceVersionDate "2008.06.24"]
[SourceQuality "1"]

1. d4 d5 2. c4 c6 3. Nf3 Nf6 4. Nc3 a6 5. a4 e6 6. e3 c5 7. Bd3 Nc6 8. 0-0 Be7 9. cxd5 exd5 10. dxc5 0-0 11. h3 Bxc5 12. Ne2 Re8 13. b3 Ne4 14. Ba3 b6 15. Qc2 Bb7 16. Qb2 Nb4 17. Bxb4 Bxb4 18. Rfc1 Qe7 19. Ned4 Rac8 20. Rxc8 Rxc8 21. Rc1 Bc3 22. Qe2 Rc5 23. Rc2 a5 24. Qd1 g6 25. Qc1 Bb4 26. Qf1 Qf6 27. Ba6 Bc6 28. Qd3 Bd7 29. Bb7 Nc3 30. Qa6 Kg7 31. Qf1 Qd8 32. Ne5 Bxh3 33. gxh3 Qg5+ 34. Ng4 h5 35. f4 Qe7 36. Ne5 Qxb7 37. f5 Ne4 38. fxg6 Rxc2 39. Nf5+ Kf8 40. Qf4 Rc1+ 41. Kg2 Rc2+ 42. Kg1 1/2-1/2

[Event "GER-ch38 V05 email"]
[Site "GER email"]
[Date "2007.??.??"]
[Round "?"]
[White "Von Rein, Guenter"]
[Black "Kermer, Wolf Dieter"]
[Result "1-0"]
[WhiteElo "2253"]
[BlackElo "2125"]
[PlyCount "55"]
[EventDate "2007.??.??"]
[EventType "tourn (corr)"]
[EventRounds "8"]
[EventCountry "GER"]
[SourceTitle "Corr 2008"]
[Source "ChessBase"]
[SourceDate "2008.06.24"]
[SourceVersion "1"]
[SourceVersionDate "2008.06.24"]
[SourceQuality "1"]

1. d4 d5 2. c4 c6 3. Nc3 e6 4. e4 dxe4 5. Nxe4 Bb4+ 6. Bd2 Qxd4 7. Bxb4 Qxe4+ 8. Be2 Na6 9. Ba5 b6 10. Qd6 Bd7 11. Bc3 f6 12. Nf3 Nc5 13. b4 Na4 14. 0-0-0 Rd8 15. Bd3 Qg4 16. Ba1 Ne7 17. Rhe1 a5 18. bxa5 Qxg2 19. Rg1 Qh3 20. Rd2 Rg8 21. Rg3 Qh5 22. a6 Nc5 23. a7 Kf7 24. Qc7 Rge8 25. Bd4 Rc8 26. Qf4 Nxd3+ 27. Rxd3 Qf5 28. Ne5+ 1-0

[Event "GER-ch38 V05 email"]
[Site "GER email"]
[Date "2007.??.??"]
[Round "?"]
[White "Zoll, Detlef"]
[Black "Von Rein, Guenter"]
[Result "0-1"]
[WhiteElo "2017"]
[BlackElo "2253"]
[PlyCount "90"]
[EventDate "2007.??.??"]
[EventType "tourn (corr)"]
[EventRounds "8"]
[EventCountry "GER"]
[SourceTitle "Corr 2008"]
[Source "ChessBase"]
[SourceDate "2008.06.24"]
[SourceVersion "1"]
[SourceVersionDate "2008.06.24"]
[SourceQuality "1"]

1. d4 d5 2. Nc3 e6 3. e4 Bb4 4. exd5 exd5 5. Bd3 Nc6 6. a3 Bxc3+ 7. bxc3 Nf6 8. Ne2 0-0 9. 0-0 Na5 10. Ng3 Bg4 11. f3 Bd7 12. f4 c5 13. f5 h6 14. dxc5 Qe7 15. Nh5 Nxh5 16. Qxh5 f6 17. Qf3 Qxc5+ 18. Be3 Qc6 19. Qg3 Kh8 20. Rf4 Qxc3 21. Rb1 Rf7 22. Bd4 Qc7 23. Bf2 Re7 24. Qf3 Nc6 25. Bg3 Qa5 26. Rxb7 Ne5 27. Qf2 Nxd3 28. cxd3 Qxa3 29. Qd4 Bc6 30. Rb1 Re2 31. Rf2 Rxf2 32. Bxf2 a5 33. Be3 Qe7 34. Qc5 Qd7 35. Rb6 Bb7 36. g4 a4 37. Rd6 Qf7 38. Re6 Re8 39. Qb6 a3 40. Bd4 Rxe6 41. fxe6 Qg6 42. e7 Qxg4+ 43. Kf2 Bc6 44. h3 Qf5+ 45. Ke2 Bd7 0-1

[Event "GER-ch35 final email"]
[Site "GER email"]
[Date "2006.??.??"]
[Round "?"]
[White "Nyberg, Wilfred"]
[Black "Von Rein, Guenter"]
[Result "1/2-1/2"]
[WhiteElo "2267"]
[BlackElo "2227"]
[PlyCount "153"]
[EventDate "2006.??.??"]
[EventType "tourn (corr)"]
[EventRounds "15"]
[EventCountry "GER"]
[SourceTitle "Corr 2008"]
[Source "ChessBase"]
[SourceDate "2008.06.24"]
[SourceVersion "1"]
[SourceVersionDate "2008.06.24"]
[SourceQuality "1"]

1. d4 Nf6 2. Nf3 g6 3. c4 Bg7 4. Nc3 0-0 5. e4 d6 6. h3 e5 7. d5 Na6 8. Bg5 h6 9. Be3 Nc5 10. Nd2 a5 11. g4 c6 12. Be2 Bd7 13. h4 a4 14. g5 hxg5 15. hxg5 Nh7 16. Rg1 Qa5 17. a3 cxd5 18. Bxc5 dxc5 19. Nxd5 Rfb8 20. Qc2 Qd8 21. Nf3 Nf8 22. 0-0-0 Ne6 23. Kb1 Nd4 24. Nxd4 cxd4 25. Bd3 Be6 26. f4 Bxd5 27. exd5 exf4 28. Qh2 b5 29. cxb5 Qxd5 30. Qxf4 Qb3 31. Qf3 Rc8 32. Rc1 Bf8 33. Be4 Rxc1+ 34. Rxc1 Qxf3 35. Bxf3 Rb8 36. Bc6 Be7 37. Kc2 Bxg5 38. Rd1 Rd8 39. Kd3 Kf8 40. Re1 Bf4 41. b6 Rc8 42. Bd5 Rc5 43. Kxd4 Rb5 44. Rf1 g5 45. b7 Rxb2 46. Kc5 Ke7 47. Re1+ Kf6 48. Re4 Rc2+ 49. Kb4 Bd6+ 50. Kxa4 Rc3 51. Bb3 Rc6 52. Kb5 Rc3 53. Rb4 Bb8 54. a4 g4 55. Ba2 Rc2 56. Bb1 Rc1 57. Bh7 Kg5 58. Rd4 f5 59. Rd8 Rb1+ 60. Ka6 Bc7 61. Rg8+ Kf4 62. Rc8 Rb6+ 63. Ka7 Rc6 64. Bg8 Ke4 65. Re8+ Kd4 66. a5 g3 67. Bb3 Rc3 68. Rd8+ Ke5 69. Bd1 Kf4 70. Rd2 Rd3 71. Rc2 Be5 72. Bh5 Rd8 73. Rc4+ Rd4 74. Rc8 Ra4 75. Ka6 Ra1 76. Rc2 Bb8 77. Bf7 1/2-1/2

[Event "GER-ch35 final email"]
[Site "GER email"]
[Date "2006.??.??"]
[Round "?"]
[White "Von Rein, Guenter"]
[Black "Lorenzmeier, Wilhelm"]
[Result "1-0"]
[WhiteElo "2227"]
[BlackElo "2171"]
[PlyCount "61"]
[EventDate "2006.??.??"]
[EventType "tourn (corr)"]
[EventRounds "15"]
[EventCountry "GER"]
[SourceTitle "Corr 2008"]
[Source "ChessBase"]
[SourceDate "2008.06.24"]
[SourceVersion "1"]
[SourceVersionDate "2008.06.24"]
[SourceQuality "1"]

1. d4 c5 2. d5 f5 3. Nc3 Nf6 4. Bg5 Qb6 5. Qd2 h6 6. Bxf6 Qxf6 7. 0-0-0 d6 8. e4 g6 9. Bb5+ Nd7 10. exf5 Qxf5 11. Nge2 a6 12. Bd3 Qf7 13. Nf4 Ne5 14. Ne6 Bxe6 15. dxe6 Qxe6 16. Be4 0-0-0 17. f4 Nc6 18. Bxc6 bxc6 19. Rhe1 Qf6 20. Na4 Bg7 21. Qa5 Kd7 22. Qxc5 Ke8 23. Qxc6+ Kf7 24. g3 d5 25. Qb7 Qd6 26. c4 d4 27. c5 Rd7 28. Qb3+ Qd5 29. Qxd5+ Rxd5 30. b4 g5 31. Nb6 1-0

[Event "GER-ch35 final email"]
[Site "GER email"]
[Date "2006.??.??"]
[Round "?"]
[White "Von Rein, Guenter"]
[Black "Schueppel, Ralf"]
[Result "1/2-1/2"]
[WhiteElo "2227"]
[BlackElo "2338"]
[PlyCount "50"]
[EventDate "2006.??.??"]
[EventType "tourn (corr)"]
[EventRounds "15"]
[EventCountry "GER"]
[SourceTitle "Corr 2008"]
[Source "ChessBase"]
[SourceDate "2008.06.24"]
[SourceVersion "1"]
[SourceVersionDate "2008.06.24"]
[SourceQuality "1"]

1. d4 Nf6 2. c4 e6 3. Nc3 Bb4 4. Qc2 c5 5. dxc5 0-0 6. a3 Bxc5 7. Nf3 Nc6 8. Bg5 b6 9. Rd1 h6 10. Bh4 Be7 11. e3 Bb7 12. Be2 Rc8 13. 0-0 Na5 14. Nd2 Ba6 15. Qa4 d5 16. Bxf6 Bxf6 17. cxd5 Bxe2 18. Nxe2 Qxd5 19. Ne4 Qc4 20. Nxf6+ gxf6 21. b4 Qxe2 22. bxa5 Rfd8 23. axb6 Rxd1 24. Qxd1 Qxd1 25. Rxd1 axb6 1/2-1/2

[Event "GER-ch36 V2 email"]
[Site "GER email"]
[Date "2004.03.29"]
[Round "?"]
[White "Wolf, Wolfgang"]
[Black "Von Rein, Guenter"]
[Result "1/2-1/2"]
[WhiteElo "2178"]
[BlackElo "2253"]
[PlyCount "75"]
[EventDate "2004.03.29"]
[EventType "tourn (corr)"]
[EventRounds "10"]
[EventCountry "GER"]
[SourceTitle "Corr 2008"]
[Source "ChessBase"]
[SourceDate "2008.06.24"]
[SourceVersion "1"]
[SourceVersionDate "2008.06.24"]
[SourceQuality "1"]

1. b4 Nf6 2. Bb2 g6 3. Nf3 Bg7 4. c4 0-0 5. e3 c6 6. Be2 a5 7. b5 cxb5 8. cxb5 d6 9. 0-0 Nbd7 10. Na3 Nb6 11. d4 Be6 12. Bd3 d5 13. Rc1 Qd6 14. Nb1 Rfc8 15. Ba3 Rxc1 16. Qxc1 Qd8 17. Nbd2 Rc8 18. Qb2 Nc4 19. Bxc4 dxc4 20. Rc1 Nd7 21. Ng5 Bd5 22. e4 e5 23. exd5 Qxg5 24. Ne4 Qh5 25. Nd6 Ra8 26. Qc2 exd4 27. Qxc4 Be5 28. h3 Nb6 29. Qc7 Bxd6 30. Qxd6 d3 31. Qxb6 d2 32. Qxb7 dxc1Q+ 33. Bxc1 Rd8 34. Qc7 Qxd5 35. Bf4 g5 36. Bg3 Rd7 37. Qc8+ Rd8 38. Qc7 1/2-1/2

[Event "GER-ch35 V4 email"]
[Site "GER email"]
[Date "2003.03.22"]
[Round "?"]
[White "Gonschior, Manfred"]
[Black "Von Rein, Guenter"]
[Result "1/2-1/2"]
[WhiteElo "2211"]
[BlackElo "2128"]
[PlyCount "42"]
[EventDate "2003.??.??"]
[EventType "tourn (corr)"]
[EventRounds "10"]
[EventCountry "GER"]
[SourceTitle "Corr 2008"]
[Source "ChessBase"]
[SourceDate "2008.06.24"]
[SourceVersion "1"]
[SourceVersionDate "2008.06.24"]
[SourceQuality "1"]

1. e4 e6 2. d4 d5 3. Nd2 c5 4. exd5 exd5 5. Ngf3 Nc6 6. Bb5 Bd6 7. dxc5 Bxc5 8. 0-0 Nge7 9. Nb3 Bd6 10. Re1 0-0 11. Bg5 Bg4 12. Be2 Re8 13. c3 h6 14. Bh4 Qb6 15. Nfd4 Bxe2 16. Rxe2 Nxd4 17. Nxd4 Nc6 18. Nf5 Bf8 19. Rxe8 Rxe8 20. Nxh6+ gxh6 21. Qg4+ Kh7 1/2-1/2

[Event "GER-ch35 V4 email"]
[Site "GER email"]
[Date "2003.03.22"]
[Round "?"]
[White "Reichgeld, Manfred"]
[Black "Von Rein, Guenter"]
[Result "0-1"]
[WhiteElo "2061"]
[BlackElo "2128"]
[PlyCount "54"]
[EventDate "2003.??.??"]
[EventType "tourn (corr)"]
[EventRounds "10"]
[EventCountry "GER"]
[SourceTitle "Corr 2008"]
[Source "ChessBase"]
[SourceDate "2008.06.24"]
[SourceVersion "1"]
[SourceVersionDate "2008.06.24"]
[SourceQuality "1"]

1. d4 Nf6 2. c4 g6 3. Nc3 Bg7 4. e4 d6 5. Nf3 0-0 6. Be2 e5 7. 0-0 Nc6 8. d5 Ne7 9. Nd2 a5 10. a3 Bd7 11. Rb1 a4 12. b4 axb3 13. Nxb3 b6 14. Re1 Ne8 15. Nd2 f5 16. Bd3 Nf6 17. exf5 gxf5 18. Nb5 Bh6 19. Qb3 Kh8 20. Qc2 Ng6 21. Rb3 Nh4 22. Bf1 f4 23. Kh1 Rg8 24. g3 Qe7 25. Qb2 fxg3 26. fxg3 Bxd2 27. Bxd2 Ng4 0-1

[Event "GER-ch35 V4 email"]
[Site "GER email"]
[Date "2003.03.22"]
[Round "?"]
[White "Von Rein, Guenter"]
[Black "Krueger, Dieter"]
[Result "1-0"]
[WhiteElo "2128"]
[BlackElo "2062"]
[PlyCount "113"]
[EventDate "2003.??.??"]
[EventType "tourn (corr)"]
[EventRounds "10"]
[EventCountry "GER"]
[SourceTitle "Corr 2008"]
[Source "ChessBase"]
[SourceDate "2008.06.24"]
[SourceVersion "1"]
[SourceVersionDate "2008.06.24"]
[SourceQuality "1"]

1. c4 g6 2. e4 d6 3. Nc3 Bg7 4. d4 Nf6 5. Be2 0-0 6. Bg5 c5 7. d5 h6 8. Bf4 Nbd7 9. Nf3 Ng4 10. Qd2 Kh7 11. Bg3 Nge5 12. Nxe5 Nxe5 13. f4 Nd7 14. 0-0 a6 15. Bd3 b6 16. Rae1 e5 17. dxe6 Bd4+ 18. Kh1 fxe6 19. Ne2 e5 20. Nxd4 cxd4 21. b4 Bb7 22. Rf2 Qe7 23. Ref1 a5 24. a3 Rac8 25. Kg1 axb4 26. axb4 Ra8 27. Qd1 Kg7 28. Rf3 Ra3 29. Be1 exf4 30. Rxf4 Rxf4 31. Rxf4 Ne5 32. Bf1 d3 33. Qc1 Ra2 34. Qe3 Kh7 35. h3 Bc6 36. b5 Bb7 37. Rf2 Ra4 38. Bd2 g5 39. Bc3 Rxc4 40. Bxe5 dxe5 41. Bxd3 Rc3 42. Qd2 Rc7 43. Bb1 g4 44. hxg4 Qd7 45. Bd3 Qd4 46. Kh2 Rg7 47. Rf8 Rg8 48. Rxg8 Kxg8 49. Qc2 Qd8 50. Qc3 Qe7 51. Kg3 Kg7 52. Bc2 Qc5 53. Qxc5 bxc5 54. Bd3 Kf6 55. Kh4 Ke7 56. Kh5 Bc8 57. Kxh6 1-0

[Event "GER-ch34 V9 email"]
[Site "GER email"]
[Date "2002.03.23"]
[Round "?"]
[White "Schlotthauber, Werner"]
[Black "Von Rein, Guenter"]
[Result "0-1"]
[WhiteElo "2067"]
[BlackElo "2128"]
[PlyCount "90"]
[EventDate "2002.03.31"]
[EventType "tourn (corr)"]
[EventRounds "10"]
[EventCountry "GER"]
[SourceTitle "Corr 2008"]
[Source "ChessBase"]
[SourceDate "2008.06.24"]
[SourceVersion "1"]
[SourceVersionDate "2008.06.24"]
[SourceQuality "1"]

1. e4 e6 2. d4 d5 3. Nc3 Bb4 4. a3 Bxc3+ 5. bxc3 dxe4 6. Qg4 Nf6 7. Qxg7 Rg8 8. Qh6 Nbd7 9. Ne2 c5 10. Bg5 Rg6 11. Qh4 Qa5 12. Bd2 Qa4 13. Ra2 b6 14. dxc5 Qc4 15. Ra1 Qxc5 16. c4 Ba6 17. Bb4 Qe5 18. Bc3 Qc7 19. Rd1 Qxc4 20. Rxd7 Kxd7 21. Bxf6 Qxc2 22. Nc3 Bxf1 23. Rxf1 Rc8 24. Qxe4 Qc1+ 25. Ke2 Qb2+ 26. Kd3 Rxf6 27. Qd4+ Ke8 28. Qxf6 Rd8+ 29. Ke4 Qc2+ 30. Kf4 Qd2+ 31. Kg4 Rd3 32. Qg5 Qxg5+ 33. Kxg5 Rxc3 34. h4 Rxa3 35. Kh6 f5 36. Kxh7 Kf7 37. Rg1 b5 38. h5 b4 39. g4 fxg4 40. Rxg4 Rh3 41. Rf4+ Ke7 42. h6 a5 43. Kg7 b3 44. Rf7+ Kd6 45. Ra7 Kc6 0-1